000 01107nam a2200325 i 4500
001 bg
003 BPK
005 20230208105411.0
008 s1999 pl f f |000 0 pol
020 _a8301119063
020 _a8301116226
040 _cBPK
041 1 _apol
_heng
080 _a330
080 _a075.8)
100 1 _aSamuelson, Paul Anthony
_d(1915-2009)
_eAutor
245 1 0 _aEkonomia.
_nT. 2 /
_cPaul A. Samuelson, William D. Nordhaus ; przekł. Jacek Kochanowicz [et al.]
246 _iTyt. oryg.:
_aEconomics
250 _a[Wyd. 1, dodr. 2].
260 _aWarszawa :
_bWydawnictwo Naukowe PWN,
_c1999.
300 _a547 s. :
_bwykr. ;
_c25 cm.
500 _aOryg. : "Economics". 1985.
655 4 _aPodręczniki akademickie
650 4 _aEkonomia
710 2 _aWydawnictwo Naukowe PWN
_4pbl.
700 1 _aNordhaus, William D.
_d(1941- )
_eAutor
700 1 _aKochanowicz, Jacek
_d(1946-2014)
_eTłumaczenie
856 _uhttp://koha.tu.koszalin.pl/cgi-bin/koha/opac-detail.pl?biblionumber=53336
_yKatalog online BPK
942 _cKS
_2UKD
999 _c53336
_d53336